000 00282nam a2200109Ia 4500
005 20251222143244.0
008 251222s9999||||xx |||||||||||||| ||spa||
082 _a363.685/A41
245 0 _aInversión en Infraestructura en el Perú:
264 _bFondo Editorial ESAN
942 _cLIB
999 _c14701
_d14701